[Event "GER-ch Net blitz qual3"]
[Site "Playchess.com INT"]
[Date "2021.05.07"]
[Round "3"]
[White "Gypser, Andreas"]
[Black "Kopylov, Michael"]
[Result "0-1"]
[WhiteElo "1908"]
[BlackElo "2142"]
[PlyCount "116"]
[EventDate "2021.05.07"]
[EventType "swiss (blitz)"]
[EventRounds "11"]
[EventCountry "GER"]
[SourceTitle "CBM 202 Extra"]
[Source "ChessBase"]
[SourceDate "2021.07.31"]
[SourceVersion "1"]
[SourceVersionDate "2021.07.31"]
[SourceQuality "1"]

1. e4 Nf6 2. e5 Nd5 3. d4 d6 4. c4 Nb6 5. exd6 cxd6 6. Nc3 g6 7. Be3 Bg7 8. Rc1 0-0 9. Be2 d5 10. c5 Nc4 11. Bxc4 dxc4 12. Nf3 Nc6 13. h3 Bf5 14. 0-0 Bd3 15. Re1 Nxd4 16. Nxd4 Bxd4 17. Bxd4 Qxd4 18. Rxe7 Rab8 19. Qf3 Qxc5 20. Rxb7 Rxb7 21. Qxb7 Re8 22. Qf3 Kg7 23. Nd5 Qd4 24. Ne3 Qxb2 25. Qd1 Qxa2 26. Nxc4 Bxc4 27. Qd4+ Kg8 28. Rxc4 Qb1+ 29. Kh2 Qb6 30. Qf4 a5 31. Rc7 Qe6 32. Ra7 Qe5 33. Kg3 Qxf4+ 34. Kxf4 Re2 35. Rxa5 Rxf2+ 36. Kg3 Rb2 37. h4 Kg7 38. Ra6 Rb4 39. Kh3 h5 40. g3 Rc4 41. Kg2 Re4 42. Kf3 Re6 43. Ra7 Kf6 44. Rb7 Ra6 45. Rc7 Ke6 46. Rb7 f6 47. Rg7 Kf5 48. Rb7 Ra3+ 49. Kf2 Kg4 50. Rb4+ Kh3 51. Rf4 Rxg3 52. Rxf6 Kxh4 53. Rf4+ Rg4 54. Rf6 Kg5 55. Ra6 Rb4 56. Ra5+ Kg4 57. Rc5 Rb2+ 58. Kf1 g5 0-1

[Event "GER-ch Net blitz qual3"]
[Site "Playchess.com INT"]
[Date "2021.05.07"]
[Round "7"]
[White "Gypser, Andreas"]
[Black "Tebelmann, Lars"]
[Result "0-1"]
[WhiteElo "1908"]
[BlackElo "1802"]
[PlyCount "70"]
[EventDate "2021.05.07"]
[EventType "swiss (blitz)"]
[EventRounds "11"]
[EventCountry "GER"]
[SourceTitle "CBM 202 Extra"]
[Source "ChessBase"]
[SourceDate "2021.07.31"]
[SourceVersion "1"]
[SourceVersionDate "2021.07.31"]
[SourceQuality "1"]

1. e4 e6 2. d4 d5 3. Nc3 Bb4 4. e5 c5 5. a3 Bxc3+ 6. bxc3 Qa5 7. Bd2 Qa4 8. Qg4 g6 9. Ra2 Nc6 10. Nf3 Nge7 11. Bd3 b6 12. Qf4 Ba6 13. 0-0 Bxd3 14. cxd3 cxd4 15. cxd4 Nf5 16. Be3 Qb3 17. Rd2 Qxa3 18. Ng5 h6 19. Nh3 Qc3 20. g4 Nxe3 21. fxe3 Qxd2 22. Qxf7+ Kd8 23. Qf6+ Kd7 24. Qg7+ Ne7 25. Rf7 Qxe3+ 26. Kg2 Qe2+ 27. Nf2 Rhe8 28. Qxg6 Rac8 29. Kg3 Qe3+ 30. Kg2 Qg5 31. Qh7 Rc2 32. h3 Qg8 33. Qxg8 Rxg8 34. Kf3 Ke8 35. Rh7 Rf8+ 0-1

[Event "GER-ch Net blitz qual3"]
[Site "Playchess.com INT"]
[Date "2021.05.07"]
[Round "8"]
[White "Zhou, Lepu Coco"]
[Black "Gypser, Andreas"]
[Result "1-0"]
[WhiteElo "1762"]
[BlackElo "1908"]
[PlyCount "129"]
[EventDate "2021.05.07"]
[EventType "swiss (blitz)"]
[EventRounds "11"]
[EventCountry "GER"]
[SourceTitle "CBM 202 Extra"]
[Source "ChessBase"]
[SourceDate "2021.07.31"]
[SourceVersion "1"]
[SourceVersionDate "2021.07.31"]
[SourceQuality "1"]

1. e4 e5 2. Nf3 Nc6 3. Bb5 a6 4. Ba4 Nf6 5. 0-0 Be7 6. Qe2 b5 7. Bb3 d6 8. c3 0-0 9. Rd1 h6 10. d4 exd4 11. cxd4 Re8 12. e5 Nd7 13. e6 fxe6 14. Bxe6+ Kh8 15. Bf7 Rf8 16. Bd5 Bb7 17. Be3 Nf6 18. Be6 d5 19. Ne5 Nxe5 20. dxe5 Ne4 21. f3 Nc5 22. Bg4 Qe8 23. Nc3 Rd8 24. Rac1 b4 25. Nb1 Na4 26. Rxc7 Ba8 27. b3 Nc3 28. Nxc3 bxc3 29. Rxc3 Bb4 30. Rc7 Qxe5 31. Rc2 Rfe8 32. Rd3 d4 33. f4 Qe7 34. Rxd4 Rxd4 35. Bxd4 Qd8 36. Qd3 Re1+ 37. Kf2 Qe7 38. Re2 Rxe2+ 39. Qxe2 Qf7 40. Qe5 Be7 41. Be6 Qf8 42. Qf5 Qd8 43. Qe5 Qf8 44. Qe3 Bb7 45. Qh3 Kh7 46. Qd3+ Kh8 47. g3 Bf6 48. Bxf6 Qxf6 49. Bc4 Qc6 50. Qd8+ Kh7 51. Bd3+ g6 52. Qe7+ Kh8 53. Qf8+ Kh7 54. Qf7+ Kh8 55. Qf8+ Kh7 56. Qe7+ Kh8 57. Ke3 Qf3+ 58. Kd4 Qd5+ 59. Kc3 Qc6+ 60. Bc4 Qf3+ 61. Kd4 Qd1+ 62. Kc5 Qd2 63. Qxb7 Qe3+ 64. Kc6 Qe4+ 65. Kc7 1-0

[Event "GER-ch Net Amateur Gr-A Vor2"]
[Site "Playchess.com INT"]
[Date "2020.04.15"]
[Round "2"]
[White "Gypser, Andreas"]
[Black "Lohvinov, Petro"]
[Result "0-1"]
[WhiteElo "1927"]
[BlackElo "1648"]
[PlyCount "96"]
[EventDate "2020.04.15"]
[EventType "swiss (blitz)"]
[EventRounds "9"]
[EventCountry "GER"]
[SourceTitle "CBM 196 Extra"]
[Source "ChessBase"]
[SourceDate "2020.07.31"]
[SourceVersion "1"]
[SourceVersionDate "2020.07.31"]
[SourceQuality "1"]

1. e4 c5 2. Nf3 e6 3. Qe2 a6 4. g3 b5 5. Bg2 Bb7 6. 0-0 d6 7. d3 Nf6 8. Nbd2 Be7 9. c3 0-0 10. Re1 Nbd7 11. h3 Qc7 12. Nf1 c4 13. N1d2 cxd3 14. Qxd3 Nc5 15. Qc2 Rac8 16. Nd4 d5 17. e5 Nfe4 18. Nxe4 Nxe4 19. Qe2 b4 20. Bxe4 dxe4 21. cxb4 Bxb4 22. Rd1 Qxe5 23. Bf4 Qf6 24. h4 h6 25. Nb3 e5 26. Be3 Rfd8 27. Rac1 a5 28. a3 Ba6 29. Qg4 a4 30. axb4 axb3 31. Qxe4 Rxd1+ 32. Rxd1 Rc2 33. Qa8+ Kh7 34. Qe4+ g6 35. Rd2 Rc1+ 36. Kh2 Qe7 37. Qg4 Bb7 38. f3 f5 39. Qh3 Bxf3 40. Rg2 Bxg2 41. Qxg2 Rc2 42. Bf2 Rxb2 43. Kg1 Rb1+ 44. Kh2 Rb2 45. Kg1 Qc7 46. Kh2 Rc2 47. Qf3 b2 48. Qe3 b1Q 0-1

[Event "GER-ch Net Amateur Gr-A Vor2"]
[Site "Playchess.com INT"]
[Date "2020.04.15"]
[Round "5"]
[White "Leers Fischer, Hans"]
[Black "Gypser, Andreas"]
[Result "0-1"]
[WhiteElo "1740"]
[BlackElo "1927"]
[PlyCount "152"]
[EventDate "2020.04.15"]
[EventType "swiss (blitz)"]
[EventRounds "9"]
[EventCountry "GER"]
[SourceTitle "CBM 196 Extra"]
[Source "ChessBase"]
[SourceDate "2020.07.31"]
[SourceVersion "1"]
[SourceVersionDate "2020.07.31"]
[SourceQuality "1"]

1. Nf3 d5 2. c4 e6 3. g3 Be7 4. Bg2 Nf6 5. 0-0 0-0 6. b3 c5 7. cxd5 Nxd5 8. Bb2 Nc6 9. Nc3 b6 10. d4 Bb7 11. Nxd5 Qxd5 12. Ne5 Qd6 13. dxc5 Qxc5 14. Rc1 Nxe5 15. Rxc5 Bxg2 16. Kxg2 Bxc5 17. Bxe5 Rfd8 18. Qe1 Rac8 19. b4 Be7 20. a3 Rc2 21. e4 f6 22. Bf4 Rd3 23. Qb1 Rcc3 24. Qa2 Kf7 25. Bc1 a5 26. bxa5 bxa5 27. Re1 Bxa3 28. Bxa3 Rxa3 29. Qc4 Rac3 30. Qa6 Ra3 31. Rb1 Rd2 32. h4 Raa2 33. Qb6 a4 34. h5 f5 35. exf5 exf5 36. Qc7+ Kf6 37. Qf4 g6 38. Rb6+ Kf7 39. Qe3 a3 40. Qe6+ Kg7 41. Qe3 Re2 42. h6+ Kf7 43. Qb3+ Ke7 44. Rb7+ Kf6 45. Qf3 Rad2 46. Rb6+ Kf7 47. Qb7+ Re7 48. Qa6 a2 49. Rf6+ Ke8 50. Qc8+ Rd8 51. Qc6+ Red7 52. Qe6+ Re7 53. Qxa2 Rd4 54. Qa8+ Rd8 55. Qc6+ Red7 56. Rd6 Ke7 57. Rxd7+ Rxd7 58. Qc5+ Kf7 59. Qe5 Re7 60. Qg7+ Ke6 61. Qg8+ Kf6 62. Kf3 g5 63. Qf8+ Ke6 64. Qc8+ Kf6 65. Qc6+ Re6 66. Qd7 Re7 67. Qd4+ Kg6 68. g4 fxg4+ 69. Kxg4 Rf7 70. Qd6+ Rf6 71. Qd8 Rf4+ 72. Kg3 Rf6 73. Qg8+ Kxh6 74. f3 Rg6 75. Qf8+ Kh5 76. Qg8 Rxg8 0-1

[Event "GER-ch Net Amateur Gr-A Vor1"]
[Site "Playchess.com INT"]
[Date "2020.04.14"]
[Round "8"]
[White "Gypser, Andreas"]
[Black "Dahl, Christoph"]
[Result "0-1"]
[WhiteElo "2036"]
[BlackElo "2094"]
[PlyCount "100"]
[EventDate "2020.04.14"]
[EventType "swiss (blitz)"]
[EventRounds "9"]
[EventCountry "GER"]
[SourceTitle "EXT 2021"]
[Source "ChessBase"]
[SourceDate "2020.10.23"]
[SourceVersion "1"]
[SourceVersionDate "2020.10.23"]
[SourceQuality "1"]

1. e4 c5 2. Nf3 d6 3. d4 cxd4 4. Qxd4 Nc6 5. Bb5 Bd7 6. Bxc6 Bxc6 7. Nc3 Nf6 8. Bg5 h6 9. Bh4 e5 10. Qd3 Be7 11. 0-0 g5 12. Bg3 0-0 13. h4 g4 14. Nh2 Qc8 15. f4 gxf3 16. Qxf3 Qe6 17. Rad1 Nh7 18. Nd5 Bxd5 19. exd5 Qg6 20. h5 Qxc2 21. Rd3 Ng5 22. Qf5 Qc4 23. Ng4 Kg7 24. Nf6 e4 25. Rc3 Qd4+ 26. Kh2 Qxf6 27. Qxf6+ Bxf6 28. Rc7 Rfc8 29. Rxb7 Rc2 30. Bxd6 Rd8 31. Rxf6 Kxf6 32. Be7+ Ke5 33. Bxd8 Nf3+ 34. Kg3 Ne1 35. Bc7+ Kxd5 36. Rxa7 Rxg2+ 37. Kf4 Rf2+ 38. Kg3 Rf3+ 39. Kg4 Nd3 40. Ra5+ Kc6 41. Bg3 Rf1 42. a3 e3 43. Ra6+ Kd5 44. Rd6+ Ke4 45. Rxh6 f5+ 46. Kh3 Kf3 47. Rf6 Rh1+ 48. Bh2 Nf4+ 49. Kh4 Rxh2+ 50. Kg5 Rxh5# 0-1

[Event "GER-ch Net Amateur Gr-A Vor1"]
[Site "Playchess.com INT"]
[Date "2020.04.14"]
[Round "9"]
[White "Wessendorf, Thomas"]
[Black "Gypser, Andreas"]
[Result "1-0"]
[WhiteElo "2075"]
[BlackElo "2022"]
[PlyCount "77"]
[EventDate "2020.04.14"]
[EventType "swiss (blitz)"]
[EventRounds "9"]
[EventCountry "GER"]
[SourceTitle "EXT 2021"]
[Source "ChessBase"]
[SourceDate "2020.10.23"]
[SourceVersion "1"]
[SourceVersionDate "2020.10.23"]
[SourceQuality "1"]

1. e4 e5 2. Nf3 Nc6 3. Bb5 a6 4. Ba4 Nf6 5. 0-0 Be7 6. Re1 b5 7. Bb3 d6 8. c3 0-0 9. h3 a5 10. d4 a4 11. Bc2 Bd7 12. Na3 Qb8 13. Qe2 b4 14. Nc4 bxc3 15. bxc3 exd4 16. cxd4 d5 17. exd5 Nxd5 18. Nfe5 Nxd4 19. Bxh7+ Kxh7 20. Qh5+ Kg8 21. Nxd7 Qb4 22. Nd2 Nf6 23. Nxf6+ Bxf6 24. Qg4 Nc2 25. Qxb4 Nxb4 26. Rb1 Rab8 27. Ba3 Bc3 28. Red1 Rfd8 29. Ne4 Rxd1+ 30. Rxd1 Bd4 31. Rxd4 Nc2 32. Rd3 Rb1+ 33. Kh2 Re1 34. Ng5 g6 35. Bb2 Kf8 36. Rc3 Nd4 37. Rxc7 f6 38. Nh7+ Ke8 39. Bxd4 1-0

[Event "GER-ch Net blitz qual5"]
[Site "Playchess.com INT"]
[Date "2020.03.28"]
[Round "10"]
[White "Federau, Juergen1111"]
[Black "Gypser, Andreas"]
[Result "1-0"]
[WhiteElo "2124"]
[BlackElo "2143"]
[PlyCount "61"]
[EventDate "2020.03.28"]
[EventType "swiss (blitz)"]
[EventRounds "13"]
[EventCountry "GER"]
[SourceTitle "CBM 195 Extra"]
[Source "ChessBase"]
[SourceDate "2020.05.31"]
[SourceVersion "1"]
[SourceVersionDate "2020.05.31"]
[SourceQuality "1"]

1. Nf3 d5 2. d4 Nf6 3. c4 e6 4. Nc3 Be7 5. Bg5 h6 6. Bh4 0-0 7. e3 b6 8. cxd5 Nxd5 9. Bxe7 Qxe7 10. Nxd5 exd5 11. Bd3 Be6 12. 0-0 Rc8 13. Ne5 c5 14. f4 cxd4 15. exd4 Qb4 16. Kh1 Nc6 17. f5 Nxe5 18. fxe6 Nxd3 19. exf7+ Kh8 20. Qxd3 Rf8 21. h3 Qxb2 22. Rae1 Qxa2 23. Re6 Qc4 24. Qf5 Qxd4 25. Qg6 a5 26. Re8 Qc5 27. Kh2 a4 28. Rfe1 Qc7+ 29. Kh1 Qc5 30. Rxa8 Rxa8 31. Re8+ 1-0

[Event "GER-ch Net blitz qual5"]
[Site "Playchess.com INT"]
[Date "2020.03.28"]
[Round "1"]
[White "Graf, Lucas"]
[Black "Gypser, Andreas"]
[Result "1/2-1/2"]
[WhiteElo "1984"]
[BlackElo "2143"]
[PlyCount "112"]
[EventDate "2020.03.28"]
[EventType "swiss (blitz)"]
[EventRounds "13"]
[EventCountry "GER"]
[SourceTitle "CBM 195 Extra"]
[Source "ChessBase"]
[SourceDate "2020.05.31"]
[SourceVersion "1"]
[SourceVersionDate "2020.05.31"]
[SourceQuality "1"]

1. e4 e5 2. Nf3 Nc6 3. Bc4 Bc5 4. d3 Nf6 5. c3 d6 6. Bb3 a6 7. 0-0 h6 8. Nbd2 0-0 9. h3 Re8 10. Re1 Be6 11. Nf1 Ba7 12. Ng3 Qd7 13. Be3 Bxe3 14. Rxe3 Rad8 15. Bxe6 fxe6 16. d4 exd4 17. cxd4 Qf7 18. Qb3 Rb8 19. Rae1 e5 20. d5 Ne7 21. Rc1 Ng6 22. Nf5 Nf4 23. Kh2 Rec8 24. Rec3 Ne8 25. g3 Ng6 26. Kg2 Ne7 27. N3h4 Kh7 28. Qa4 Nxf5 29. Nxf5 g6 30. Ne3 Rd8 31. Ng4 Rd7 32. Rf3 Qg7 33. Qc2 Rf7 34. Rxf7 Qxf7 35. Qd2 Qg7 36. Rc3 Rd8 37. Rf3 Rd7 38. Qb4 b6 39. Qa4 a5 40. Qc6 Re7 41. Qb7 h5 42. Ne3 Rf7 43. Rxf7 Qxf7 44. Qc8 Nf6 45. f3 Ng8 46. h4 Nh6 47. Qb7 Ng8 48. Nc4 Nf6 49. Nxd6 Qd7 50. Nc4 Ne8 51. Nxe5 Qb5 52. Qc8 Qe2+ 53. Kg1 Qe1+ 54. Kg2 Qe2+ 55. Kg1 Qe1+ 56. Kg2 Qe2+ 1/2-1/2

[Event "GER-ch Net blitz qual5"]
[Site "Playchess.com INT"]
[Date "2020.03.28"]
[Round "4"]
[White "Gypser, Andreas"]
[Black "Kopylov, Michael"]
[Result "0-1"]
[WhiteElo "2143"]
[BlackElo "2407"]
[PlyCount "142"]
[EventDate "2020.03.28"]
[EventType "swiss (blitz)"]
[EventRounds "13"]
[EventCountry "GER"]
[SourceTitle "CBM 195 Extra"]
[Source "ChessBase"]
[SourceDate "2020.05.31"]
[SourceVersion "1"]
[SourceVersionDate "2020.05.31"]
[SourceQuality "1"]

1. e4 d5 2. exd5 Qxd5 3. Nc3 Qd6 4. d4 Nf6 5. Nf3 a6 6. g3 Bg4 7. Bg2 Nc6 8. Be3 0-0-0 9. h3 Bh5 10. 0-0 e5 11. dxe5 Nxe5 12. Qxd6 Bxd6 13. Nxe5 Bxe5 14. Rfe1 Rhe8 15. Bg5 h6 16. Be3 Bg6 17. Rac1 Bd4 18. Bxd4 Rxe1+ 19. Rxe1 Rxd4 20. Re7 Kd8 21. Re2 c6 22. Kh2 Kd7 23. g4 Kd6 24. Kg3 a5 25. f4 Nd7 26. f5 Bh7 27. Ne4+ Kc7 28. Rd2 Rxd2 29. Nxd2 f6 30. Nc4 b6 31. a3 Bg8 32. Ne3 Kd6 33. Kf4 Nc5 34. b3 Nd7 35. Ke4 c5 36. Bf1 Ne5 37. Nc4+ Bxc4 38. Bxc4 Nc6 39. Bb5 Nd4 40. Bc4 Nxc2 41. a4 Nd4 42. Bf7 Kc6 43. Be8+ Kd6 44. Bf7 b5 45. axb5 Nxb5 46. Bc4 Nd4 47. Bf7 Nc6 48. Bc4 Ne5 49. Be2 Nf7 50. h4 Ne5 51. Kf4 Kd5 52. g5 Kd4 53. gxf6 gxf6 54. Bf1 c4 55. bxc4 Nxc4 56. Be2 Ne5 57. Bd1 Nc4 58. Ba4 Nb6 59. Be8 a4 60. Bf7 a3 61. Ba2 Nd5+ 62. Kg4 Ne3+ 63. Kh5 Nxf5 64. Kg6 Ke5 65. h5 Ng3 66. Kxh6 f5 67. Kg5 Ne4+ 68. Kh4 Nf6 69. h6 f4 70. Bb3 f3 71. Kg3 Ke4 0-1

[Event "GER-ch Net blitz qual5"]
[Site "Playchess.com INT"]
[Date "2020.03.28"]
[Round "8"]
[White "Tiarks, Jann Christian"]
[Black "Gypser, Andreas"]
[Result "0-1"]
[WhiteElo "2159"]
[BlackElo "2143"]
[PlyCount "110"]
[EventDate "2020.03.28"]
[EventType "swiss (blitz)"]
[EventRounds "13"]
[EventCountry "GER"]
[SourceTitle "CBM 195 Extra"]
[Source "ChessBase"]
[SourceDate "2020.05.31"]
[SourceVersion "1"]
[SourceVersionDate "2020.05.31"]
[SourceQuality "1"]

1. e4 e5 2. Nf3 Nc6 3. Nc3 Nf6 4. d4 exd4 5. Nxd4 Bb4 6. Nxc6 bxc6 7. Bd3 d5 8. exd5 0-0 9. 0-0 cxd5 10. h3 c6 11. Qf3 Rb8 12. Bf4 Bd6 13. b3 Bxf4 14. Qxf4 Be6 15. Rad1 Qa5 16. Ne2 c5 17. Ng3 Rb4 18. Qg5 h6 19. Qd2 Qa3 20. Rfe1 Qxa2 21. Ra1 Qb2 22. Rxa7 Rxb3 23. Bf5 Bxf5 24. Nxf5 Qc3 25. Qxc3 Rxc3 26. Re2 d4 27. Ra6 Nd5 28. g3 Nb4 29. Ra7 Nxc2 30. Ne7+ Kh7 31. Nd5 Rc4 32. Nb6 d3 33. Rd2 Rd4 34. Rc7 Rb8 35. Nd7 Rb1+ 36. Kg2 Ne1+ 37. Kh2 Nf3+ 38. Kg2 Nxd2 39. Nxc5 Ne4 40. Nxd3 Rxd3 41. Rxf7 Rb2 42. g4 Rxf2+ 43. Rxf2 Nxf2 44. Kxf2 Rxh3 45. Kg2 Rh4 46. Kg3 g5 47. Kf3 Kg6 48. Kg3 Kf6 49. Kf3 Ke5 50. Kg3 Ke4 51. Kf2 Kf4 52. Kg2 Rxg4+ 53. Kf2 Rg3 54. Kf1 Ke3 55. Ke1 Rg1# 0-1

[Event "GER-ch Net blitz qual4"]
[Site "Playchess.com INT"]
[Date "2020.03.23"]
[Round "8"]
[White "Ahlberg, Matthias"]
[Black "Gypser, Andreas"]
[Result "1-0"]
[WhiteElo "2207"]
[BlackElo "2143"]
[PlyCount "121"]
[EventDate "2020.03.23"]
[EventType "swiss (blitz)"]
[EventRounds "9"]
[EventCountry "GER"]
[SourceTitle "CBM 195 Extra"]
[Source "ChessBase"]
[SourceDate "2020.05.31"]
[SourceVersion "1"]
[SourceVersionDate "2020.05.31"]
[SourceQuality "1"]

1. e4 e5 2. Nf3 Nc6 3. Bb5 a6 4. Ba4 Nf6 5. Qe2 b5 6. Bb3 Be7 7. c3 d6 8. a4 Rb8 9. axb5 axb5 10. d3 0-0 11. Nbd2 h6 12. Nf1 Re8 13. Ne3 g6 14. Nd5 Bf8 15. Be3 Nxd5 16. Bxd5 Bd7 17. Qd2 Kh7 18. 0-0 Qf6 19. b4 Ne7 20. Bb3 Bg4 21. Ne1 g5 22. f3 Bd7 23. Ra7 Rbc8 24. Nc2 Ng6 25. c4 Be7 26. Rfa1 Nh4 27. d4 Bh3 28. Ne1 Bxg2 29. dxe5 dxe5 30. R1a6 Nxf3+ 31. Nxf3 Qxf3 32. Qxg2 Qxe3+ 33. Qf2 Qxf2+ 34. Kxf2 bxc4 35. Bxc4 Bxb4 36. Kg3 Rf8 37. Rf6 Kg7 38. Raa6 Bd6 39. Rf1 f6 40. Bd5 Rb8 41. Kg4 Rb2 42. h3 Rfb8 43. Kf5 Re8 44. Bc6 Re7 45. Ra8 Rh2 46. Rf3 Rf7 47. Bd5 Rf8 48. Ra7 h5 49. Raa3 Rh8 50. Ra7 g4 51. hxg4 hxg4 52. Kxg4 R2h4+ 53. Kf5 R8h5+ 54. Ke6 Rf4 55. Rg3+ Rg5 56. Rh3 Rf2 57. Ra8 Rb2 58. Rhh8 Bf8 59. Raxf8 Rb6+ 60. Ke7 c6 61. Rfg8# 1-0

[Event "GER-ch Net blitz qual4"]
[Site "Playchess.com INT"]
[Date "2020.03.23"]
[Round "7"]
[White "Kleeschaetzky, Rainer"]
[Black "Gypser, Andreas"]
[Result "1-0"]
[WhiteElo "2293"]
[BlackElo "2143"]
[PlyCount "63"]
[EventDate "2020.03.23"]
[EventType "swiss (blitz)"]
[EventRounds "9"]
[EventCountry "GER"]
[SourceTitle "CBM 195 Extra"]
[Source "ChessBase"]
[SourceDate "2020.05.31"]
[SourceVersion "1"]
[SourceVersionDate "2020.05.31"]
[SourceQuality "1"]

1. e4 e5 2. Nf3 Nc6 3. c3 Nf6 4. d4 exd4 5. e5 Nd5 6. Bb5 Be7 7. 0-0 0-0 8. cxd4 d6 9. h3 Bf5 10. Nc3 Nxc3 11. bxc3 dxe5 12. Bxc6 bxc6 13. Nxe5 Qd5 14. c4 Qe6 15. Re1 Bb4 16. Re3 Rad8 17. Bb2 f6 18. Ng6 Qxc4 19. Nxf8 Bxf8 20. Qb3 Qd5 21. Rc1 c5 22. dxc5 Qxb3 23. axb3 Rd2 24. Bc3 Ra2 25. b4 Kf7 26. Ree1 Be7 27. Ra1 Rc2 28. Rec1 Re2 29. Rxa7 Be4 30. Rxc7 Ke6 31. Re1 Rxe1+ 32. Bxe1 1-0

[Event "GER-ch Net blitz qual3"]
[Site "Playchess.com INT"]
[Date "2020.03.21"]
[Round "7"]
[White "Hartmann, Wolfgang"]
[Black "Gypser, Andreas"]
[Result "0-1"]
[WhiteElo "2222"]
[BlackElo "2143"]
[PlyCount "108"]
[EventDate "2020.03.21"]
[EventType "swiss (blitz)"]
[EventRounds "9"]
[EventCountry "GER"]
[SourceTitle "CBM 195 Extra"]
[Source "ChessBase"]
[SourceDate "2020.05.31"]
[SourceVersion "1"]
[SourceVersionDate "2020.05.31"]
[SourceQuality "1"]

1. d4 d5 2. Bf4 Nf6 3. e3 c5 4. c3 Nc6 5. Nd2 Bf5 6. Ngf3 Qb6 7. dxc5 Qxb2 8. Qc1 Qxc1+ 9. Rxc1 e6 10. Nb3 Rc8 11. Bb5 Nd7 12. Nbd4 Bxc5 13. Nxf5 exf5 14. Nd4 Bxd4 15. exd4 0-0 16. Kd2 Rfe8 17. Rhe1 Nf6 18. f3 h6 19. h4 Kh7 20. Bxc6 bxc6 21. Rxe8 Rxe8 22. Rb1 Re7 23. Be5 Ne8 24. Rb8 f6 25. Bh2 g5 26. Rc8 gxh4 27. Rxc6 Rg7 28. Bf4 Rxg2+ 29. Kd3 Rxa2 30. Rc5 h3 31. Rxd5 h2 32. Bxh2 Rxh2 33. Ra5 Rh3 34. Rxa7+ Kg6 35. Ke3 Nd6 36. Ra6 Ne4 37. c4 Ng5 38. d5 Rxf3+ 39. Kd4 h5 40. d6 Rf1 41. c5 Rd1+ 42. Ke3 f4+ 43. Kxf4 Ne6+ 44. Kf3 Nxc5 45. Rc6 Ne6 46. d7 Ng5+ 47. Kg3 Rxd7 48. Kh4 Rd4+ 49. Kg3 h4+ 50. Kg2 Rd3 51. Rc5 h3+ 52. Kh2 Rd2+ 53. Kg3 Ne4+ 54. Kxh3 Nxc5 0-1

[Event "GER-ch Net blitz qual2"]
[Site "Playchess.com INT"]
[Date "2020.03.16"]
[Round "7"]
[White "Gypser, Andreas"]
[Black "Moeller, Hendrik"]
[Result "1-0"]
[WhiteElo "2143"]
[BlackElo "2278"]
[PlyCount "73"]
[EventDate "2020.03.16"]
[EventType "swiss (blitz)"]
[EventRounds "9"]
[EventCountry "GER"]
[SourceTitle "CBM 195 Extra"]
[Source "ChessBase"]
[SourceDate "2020.05.31"]
[SourceVersion "1"]
[SourceVersionDate "2020.05.31"]
[SourceQuality "1"]

1. e4 c6 2. d4 d5 3. Nc3 dxe4 4. Nxe4 Bf5 5. Ng3 Bg6 6. h4 h6 7. Nf3 Nd7 8. h5 Bh7 9. Bd3 Bxd3 10. Qxd3 e6 11. Bf4 Qa5+ 12. Nd2 Ngf6 13. c4 Be7 14. Qe2 0-0 15. 0-0 Rfe8 16. Rfe1 c5 17. dxc5 Nxc5 18. a3 Na4 19. b3 Nb6 20. b4 Qa4 21. Nde4 Rac8 22. Rec1 Qc6 23. b5 Qd7 24. Rd1 Nfd5 25. cxd5 exd5 26. Nd2 Bxa3 27. Qf3 Bc5 28. Nb3 Bf8 29. Rxa7 Rc4 30. Be3 Qxb5 31. Rxb7 Qxb3 32. Rxb6 Qa4 33. Rb7 Be7 34. Nf5 Bf8 35. Nxh6+ gxh6 36. Qxf7+ Kh8 37. Qh7# 1-0

[Event "GER-ch Net blitz qual2"]
[Site "Playchess.com INT"]
[Date "2020.03.16"]
[Round "2"]
[White "Gypser, Andreas"]
[Black "Reichmann, Hendrik"]
[Result "0-1"]
[WhiteElo "2143"]
[BlackElo "2344"]
[PlyCount "48"]
[EventDate "2020.03.16"]
[EventType "swiss (blitz)"]
[EventRounds "9"]
[EventCountry "GER"]
[SourceTitle "CBM 195 Extra"]
[Source "ChessBase"]
[SourceDate "2020.05.31"]
[SourceVersion "1"]
[SourceVersionDate "2020.05.31"]
[SourceQuality "1"]

1. e4 d5 2. exd5 Qxd5 3. Nc3 Qa5 4. d4 Nf6 5. Bc4 Bg4 6. f3 Bf5 7. Nge2 Nc6 8. Bd2 Qb4 9. Bb3 0-0-0 10. 0-0 Nxd4 11. Kh1 Nxe2 12. Qxe2 e6 13. Rad1 Qh4 14. Be3 Bd6 15. Bg1 Nh5 16. g4 Ng3+ 17. Kg2 Nxe2 18. Nxe2 Bxg4 19. fxg4 Qxg4+ 20. Ng3 Bxg3 21. Rxd8+ Rxd8 22. hxg3 Rd2+ 23. Bf2 Qe4+ 24. Kg1 Qf3 0-1

[Event "GER-ch Net blitz qual1"]
[Site "Playchess.com INT"]
[Date "2020.03.07"]
[Round "9"]
[White "Bone, Karin"]
[Black "Gypser, Andreas"]
[Result "0-1"]
[WhiteElo "1427"]
[BlackElo "2143"]
[PlyCount "60"]
[EventDate "2020.03.07"]
[EventType "swiss (blitz)"]
[EventRounds "9"]
[EventCountry "GER"]
[SourceTitle "CBM 195 Extra"]
[Source "ChessBase"]
[SourceDate "2020.05.31"]
[SourceVersion "1"]
[SourceVersionDate "2020.05.31"]
[SourceQuality "1"]

1. e4 e5 2. Nf3 Nc6 3. Bc4 Bc5 4. b4 Bxb4 5. c3 Be7 6. d4 Na5 7. Bb3 exd4 8. cxd4 Nxb3 9. axb3 d5 10. Nc3 dxe4 11. Nxe4 Nf6 12. Nxf6+ Bxf6 13. 0-0 0-0 14. Re1 Be6 15. Be3 Qd5 16. Rb1 Rad8 17. b4 a6 18. Rc1 c6 19. Rc2 Qb3 20. Bd2 Bd5 21. Re3 Bxf3 22. Rxf3 Qd5 23. Rc5 Qxd4 24. Rc2 Rfe8 25. Rf4 Qxf4 26. Kf1 Qxh2 27. f3 Qh1+ 28. Kf2 Qxd1 29. Rb2 Bh4+ 30. g3 Re2# 0-1

[Event "GER-ch Net blitz qual1"]
[Site "Playchess.com INT"]
[Date "2020.03.07"]
[Round "1"]
[White "Hoke, Adrian Neo"]
[Black "Gypser, Andreas"]
[Result "1-0"]
[WhiteElo "1575"]
[BlackElo "2143"]
[PlyCount "37"]
[EventDate "2020.03.07"]
[EventType "swiss (blitz)"]
[EventRounds "9"]
[EventCountry "GER"]
[SourceTitle "CBM 195 Extra"]
[Source "ChessBase"]
[SourceDate "2020.05.31"]
[SourceVersion "1"]
[SourceVersionDate "2020.05.31"]
[SourceQuality "1"]

1. e4 e5 2. Nf3 Nc6 3. Bb5 a6 4. Ba4 Nf6 5. 0-0 Be7 6. Re1 b5 7. Bb3 b4 8. c3 0-0 9. d4 d6 10. d5 Na5 11. cxb4 Nxb3 12. Qxb3 Bd7 13. Nc3 Nh5 14. a3 f5 15. exf5 Bxf5 16. Qc4 Bf6 17. Bd2 Nf4 18. Bxf4 exf4 19. Qxf4 1-0

[Event "Bayern-chI Bank Hofmann 16th"]
[Site "Bad Wiessee"]
[Date "2012.10.30"]
[Round "4"]
[White "Gypser, Andreas"]
[Black "Chatalbashev, Boris"]
[Result "0-1"]
[WhiteElo "2162"]
[BlackElo "2535"]
[PlyCount "56"]
[EventDate "2012.10.27"]
[EventType "swiss"]
[EventRounds "9"]
[EventCountry "GER"]
[SourceTitle "EXT 2013"]
[Source "ChessBase"]
[SourceDate "2012.11.22"]
[SourceVersion "1"]
[SourceVersionDate "2012.11.22"]
[SourceQuality "1"]

1. e4 g6 2. d4 Bg7 3. Nc3 c6 4. Bc4 d6 5. Qf3 e6 6. Nge2 b5 7. Bb3 a5 8. a4 b4 9. Nb1 Nd7 10. Bf4 Qe7 11. Nd2 e5 12. Bg5 Ngf6 13. Nc4 0-0 14. Rd1 exd4 15. Rxd4 h6 16. Bxf6 Nxf6 17. Rxd6 Nxe4 18. Rd1 Re8 19. 0-0 Ng5 20. Qe3 Bg4 21. Nf4 Qf6 22. Qc1 Bxd1 23. Rxd1 Re4 24. Nd3 Rae8 25. Ne3 h5 26. Qd2 Bh6 27. Nc5 Rxe3 28. fxe3 Nh3+ 0-1